Kannst du alle Bahnhöfe der Linie RB52 nennen? - Statistiken

Allgemein
  • Dieses Quiz wurde 25 mal gespielt
  • Das Durchschnittsergebnis liegt bei 8 aus 15
Antwortstatistiken
Bahnhof % Korrekt
Dortmund Hauptbahnhof
86%
Lüdenscheid
86%
Hagen Hauptbahnhof
71%
Dortmund Signal Iduna Park
67%
Herdecke
67%
Lüdenscheid-Brügge
57%
Dortmund Tierpark
52%
Hagen-Oberhagen
43%
Hagen-Rummenohl
43%
Hagen-Dahl
38%
Schalksmühle
38%
Wittbräucke
38%
Dortmund-Kirchhörde
33%
Dortmund-Löttringhausen
33%
Dahlerbrück
24%
Keine übereinstimmenden Quizze gefunden
Verteilung der Resultate
Anzahl Personen mit jedem Resultat
Perzentil nach korrekt beantworteten Fragen
Ihre Resultats-Entwicklung
Sie haben dieses Quiz noch nicht gespielt